00362nam a22001097a 4500082000800000100001700008245011900025260003600144300002000180650003100200700002100231 a005 aJaved, Bilal aSecurity Architecture of Interconnected Smart Devices, An Analysis of Security Issues with Solution /cBilal Javed aIslamabad :bMCS - NUST,c2017. a122 p. ;c30cm. aComputer Science-MS-Thesis aDr. Imran Rashid